Vista normal
Vista MARC
Entrada Personal Name
Número de registros utilizados en: 1
001 - CONTROL NUMBER
- control field: 14295
003 - CONTROL NUMBER IDENTIFIER
- control field: DLC
005 - DATE AND TIME OF LATEST TRANSACTION
- control field: 20230612115549.0
008 - FIXED-LENGTH DATA ELEMENTS
- fixed length control field: 960326n| azannaabn |a aaa c
010 ## - LIBRARY OF CONGRESS CONTROL NUMBER
- LC control number: no 96015532
035 ## - SYSTEM CONTROL NUMBER
- System control number: (OCoLC)oca04042939
040 ## - CATALOGING SOURCE
- Original cataloging agency: OkS
- Language of cataloging: spa
- Description conventions: rda
- Transcribing agency: Mx-PuUPA
- Modifying agency: NjP
- Modifying agency: InU
- Modifying agency: DNLM
- Modifying agency: ScU
- Modifying agency: Mx-PuUPA
100 1# - HEADING--PERSONAL NAME
- Personal name: Pellicer, Antonio,
370 ## - ASSOCIATED PLACE
- Associated country: España
- Source of term: naf
372 ## - FIELD OF ACTIVITY
- Field of activity: Obstetricia
- Field of activity: Ginecología
- Field of activity: Esterilidad
- Source of term: lcsh
373 ## - ASSOCIATED GROUP
- Associated group: Universidad de Mainz
- Associated group: Instituto Valenciano de Infertilidad
373 ## - ASSOCIATED GROUP
- Associated group: Universidad de Yale. Escuela de Medicina
- Source of term: naf
373 ## - ASSOCIATED GROUP
- Associated group: Universidad Politécnica de Valencia
- End period: 1980
- Source of term: naf
374 ## - OCCUPATION
- Occupation: Médico
- Occupation: Autor
- Source of term: lcsh
375 ## - GENDER
- Gender: hombre
- Source of term: lcdgt
377 ## - ASSOCIATED LANGUAGE
- Language code: eng
- Language code: spa
400 1# - SEE FROM TRACING--PERSONAL NAME
- Personal name: Pellicer, A.
- Fuller form of name: (Antonio)
400 1# - SEE FROM TRACING--PERSONAL NAME
- Personal name: Pellicer Martínez, Antonio
670 ## - SOURCE DATA FOUND
- Source citation: Regulators of human implantation, c1995:
- Information found: t.p. (Antonio Pellicer)
670 ## - SOURCE DATA FOUND
- Source citation: Human implantation, 2000:
- Information found: t.p. (A. Pellicer) pref. (Antonio Pellicer, Inst. Valenciano de Infertilidad, Valencia, Spain)
670 ## - SOURCE DATA FOUND
- Source citation: Obstetricia y ginecología, 2014:
- Information found: t.p. (Antonio Pellicer Martínez, Director del Área de Salud de la Mujer, Hospital Universitario y Politécnico La Fe, Valencia)
670 ## - SOURCE DATA FOUND
- Source citation: In-vitro fertilization, 2018:
- Information found: page viii (Antonio Pellicer MD, Department of Obstetrics & Gynecology, Valencia University School of Medicine, Valencia, and IVIRMA Global, Spain)
670 ## - SOURCE DATA FOUND
- Source citation: Antonio Pellicer web site, April 22, 2020:
- Information found: (Antonio Pellicer studied Medicine at the University of Valencia and obtained his MD Degree in 1978, he became Doctor in Medicine in 1980 in the same University and did his Residency of Obstetrics and Gynecology at the Hospital Clínico of Valencia, and he also did his Fellowship in Reproductive Medicine at Yale Univ. School Medicine (USA) and at the University of Mainz (Germany). Professor Pellicer founded the 'Instituto Valenciano de Infertilidad' ('IVI') in 1990, and his work in the field of fertility has led to the creation of many 'IVI' clinics both in Spain and internationally. He is also President of the 'IVI Foundation' for the Study of Reproduction and Director of 'Equipo IVI'. He is Professor in Obstetrics and Gynecology since 1999 and Dean of the University of Valencia School of Medicine, Spain from 2006 until 2012.)
- Uniform Resource Identifier: http://antonio-pellicer.com/en/biography/